| 000 | 00748nam a22002057a 4500 | ||
|---|---|---|---|
| 999 |
_c490 _d490 |
||
| 003 | AR-CdUCM | ||
| 008 | 190223b ||||| |||| 00| 0 spa d | ||
| 040 |
_aMUNICIPALIDAD PROVINCIAL DEL CUSCO _cBIBLIOTECA MUNICIPAL DEL CUSCO |
||
| 082 |
_a869.973 / _bF38 |
||
| 100 |
_aFernandez Spencer, Antonio _91920 |
||
| 245 | _aDiario del mundo / | ||
| 260 |
_aMadrid : _bEdiciones cultura hispánica / _c1970. |
||
| 300 |
_a133 paginas ; _c21 cm. |
||
| 505 | _aSoplo y Aurora -- Tierra del hombre -- Los testigos --Mares y dichas -- Tiempo y tristeza -- El pequeño país que recorremos ... | ||
| 650 |
_aPoesías dominicanas _91921 |
||
| 650 |
_aSiglo XX _98 |
||
| 650 |
_aPremio Leopoldo Panero _91922 |
||
| 942 |
_2ddc _cLIBROS |
||
| 945 |
_arum _d2019-02-23 |
||